<?xml version="1.0" encoding="UTF-8"?>
<record
    xmlns:xsi="http://www.w3.org/2001/XMLSchema-instance"
    xsi:schemaLocation="http://www.loc.gov/MARC21/slim http://www.loc.gov/standards/marcxml/schema/MARC21slim.xsd"
    xmlns="http://www.loc.gov/MARC21/slim">

  <leader>04581nam a2200325uu 4500</leader>
  <controlfield tag="001">1541369</controlfield>
  <controlfield tag="005">20260508094236.0</controlfield>
  <controlfield tag="008">200207s2019                        spa  </controlfield>
  <datafield tag="020" ind1=" " ind2=" ">
    <subfield code="a">9789585696433</subfield>
  </datafield>
  <datafield tag="035" ind1=" " ind2=" ">
    <subfield code="a">1541369</subfield>
  </datafield>
  <datafield tag="040" ind1=" " ind2=" ">
    <subfield code="c">comduadb</subfield>
  </datafield>
  <datafield tag="041" ind1=" " ind2=" ">
    <subfield code="a">spa</subfield>
  </datafield>
  <datafield tag="082" ind1=" " ind2="4">
    <subfield code="a">344</subfield>
  </datafield>
  <datafield tag="100" ind1="1" ind2="0">
    <subfield code="a">Villegas De Bedout, Beatriz Elena </subfield>
    <subfield code="4">aut</subfield>
    <subfield code="e">aut</subfield>
    <subfield code="9">794965</subfield>
  </datafield>
  <datafield tag="245" ind1="1" ind2="0">
    <subfield code="a">Entidades sin &#xE1;nimo de lucro : asociaciones, fundaciones y corporaciones</subfield>
  </datafield>
  <datafield tag="260" ind1=" " ind2=" ">
    <subfield code="a">Medell&#xED;n :</subfield>
    <subfield code="b">C&#xE1;mara de Comercio de Medell&#xED;n para Antioquia,</subfield>
    <subfield code="c">2019.</subfield>
  </datafield>
  <datafield tag="300" ind1=" " ind2=" ">
    <subfield code="a">412 p&#xE1;ginas.</subfield>
  </datafield>
  <datafield tag="505" ind1=" " ind2=" ">
    <subfield code="a">CONTENIDO : Pr&#xF3;logo. --  I. El marco normativo de las ESAL y la necesidad de un desarrollo arm&#xF3;nico y unificado a la luz de una pol&#xED;tica p&#xFA;blica. -- Introducci&#xF3;n. -- Importancia econ&#xF3;mica y social. -- Ausencia de una pol&#xED;tica p&#xFA;blica para las ESAL. -- Marco constitucional. -- Marco legal. -- &#xDA;ltimas modificaciones legislativas. -- Referencias. -- II. Naturaleza y r&#xE9;gimen jur&#xED;dico de las asociaciones, fundaciones y corporaciones. -- Introducci&#xF3;n. -- Marco legal y constitucional de las ESAL. -- Clases de ESAL. -- Elementos esenciales de las ESAL. -- Creaci&#xF3;n de las ESAL. -- Aportes de los asociados, corporados o fundadores. -- &#xD3;rganos de direcci&#xF3;n de las ESAL. -- Reformas a los estatutos. -- Extinci&#xF3;n de la personer&#xED;a jur&#xED;dica de las ESAL. -- Inspecci&#xF3;n, vigilancia y control de las ESAL. -- Registro p&#xFA;blico ante las c&#xE1;maras de comercio. -- Algunos aspectos jur&#xED;dicos de las sociedades y su aplicaci&#xF3;n en las ESAL. -- Asuntos tributarios y financieros. -- Algunas anotaciones sobre la contrataci&#xF3;n p&#xFA;blica con las ESAL. -- Comentarios sobre las sociedades de beneficio e inter&#xE9;s colectivo. -- Modelos de estatutos para ESAL. -- Referencias. -- III. Implicaciones de las modificaciones de la ley 1819 del 2016 al r&#xE9;gimen tributario especial para las entidades sin &#xE1;nimo de lucro. -- Introducci&#xF3;n. -- Naturaleza tributaria de las ESAL. -- R&#xE9;gimen tributario especial (RTE). -- Conclusiones. -- Referencias. -- Ap&#xE9;ndice normativo. -- &#xCD;ndice bibliogr&#xE1;fico sobre ESAL.</subfield>
  </datafield>
  <datafield tag="520" ind1="3" ind2=" ">
    <subfield code="a">"Las entidades sin &#xE1;nimo de lucro (ESAL), dentro de las que se encuentran las fundaciones, las corporaciones, las asociaciones, entre otras, desempe&#xF1;an varias e importantes funciones en la sociedad colombiana: como agentes que procuran el bien general, de acuerdo con su naturaleza asistencialista; como articuladoras de las funciones estatales que se llevan a cabo gracias a la iniciativa y con recursos privados; o como la uni&#xF3;n de ciudadanos en la b&#xFA;squeda de un bienestar com&#xFA;n. Todas estas funciones cobran a&#xFA;n m&#xE1;s vigencia y relevancia en el marco del posconflicto.
La presente obra pretende integrar la normativa sobre las ESAL y ser propositiva en cuanto a su interpretaci&#xF3;n para comprender, con una visi&#xF3;n general pero integral, el r&#xE9;gimen jur&#xED;dico de las fundaciones, las asociaciones y las corporaciones bajo los desarrollos que afrontan estas personas jur&#xED;dicas.
La C&#xE1;mara de Comercio de Medell&#xED;n para Antioquia consider&#xF3; necesaria aportar los trabajos compendiados en este libro como una herramienta para que estas entidades tengan una gu&#xED;a jur&#xED;dica que facilite el desarrollo de su objeto, y que a su vez sirva para promover y fortalecer el sector con reflexiones sobre la normativa que las regula, teniendo en cuenta que las mismas podr&#xED;an ser incorporadas a la funci&#xF3;n registral, previo pronunciamiento o decisi&#xF3;n de las autoridades legislativas y administrativas competentes.
La publicaci&#xF3;n se compone de cuatro apartados: una reflexi&#xF3;n inicial sobre la necesidad de contar con un verdadero estatuto o c&#xF3;digo que reglamente a las ESAL; un segundo componente de estudio normativo sustancial sobre las ESAL; el tercero, contiene un an&#xE1;lisis cr&#xED;tico sobre las implicaciones que la reforma tributaria (Ley 1819 de 2016) y el Decreto 2150 de 2017 traer&#xE1;n la planeaci&#xF3;n y desarrollo de las actividades de las ESAL; y finalmente, un ap&#xE9;ndice normativo y bibliogr&#xE1;fico que sirve como fuente de consulta para el lector." [Tomado del Pr&#xF3;logo].</subfield>
  </datafield>
  <datafield tag="650" ind1=" " ind2=" ">
    <subfield code="a">Entidades sin &#xE1;nimo de lucro</subfield>
    <subfield code="9">70873</subfield>
  </datafield>
  <datafield tag="650" ind1=" " ind2=" ">
    <subfield code="a">Corporaciones sin &#xE1;nimo de lucro</subfield>
    <subfield code="9">90357</subfield>
  </datafield>
  <datafield tag="650" ind1=" " ind2=" ">
    <subfield code="a">Fundaciones sin animo de lucro</subfield>
    <subfield code="9">90359</subfield>
  </datafield>
  <datafield tag="650" ind1=" " ind2=" ">
    <subfield code="a">R&#xE9;gimen tributario</subfield>
    <subfield code="9">27380</subfield>
  </datafield>
  <datafield tag="650" ind1=" " ind2="7">
    <subfield code="a">Derecho fiscal</subfield>
    <subfield code="z">Colombia</subfield>
    <subfield code="2">lemb</subfield>
    <subfield code="9">49230</subfield>
  </datafield>
  <datafield tag="700" ind1="1" ind2="0">
    <subfield code="a">Melo White, Adriana</subfield>
    <subfield code="4">aut</subfield>
    <subfield code="e">aut</subfield>
    <subfield code="9">799914</subfield>
  </datafield>
  <datafield tag="700" ind1="1" ind2="0">
    <subfield code="a">M&#xE1;rquez Arango, Diego</subfield>
    <subfield code="4">aut</subfield>
    <subfield code="e">aut</subfield>
    <subfield code="9">799174</subfield>
  </datafield>
  <datafield tag="700" ind1="1" ind2="0">
    <subfield code="a">Puyo Vasco, Rodrigo</subfield>
    <subfield code="4">aut</subfield>
    <subfield code="e">aut</subfield>
    <subfield code="9">260784</subfield>
  </datafield>
  <datafield tag="700" ind1="1" ind2="0">
    <subfield code="a">V&#xE9;lez de Nicholls, Lina</subfield>
    <subfield code="4">aui</subfield>
    <subfield code="e">aui</subfield>
    <subfield code="9">795083</subfield>
  </datafield>
  <datafield tag="942" ind1=" " ind2=" ">
    <subfield code="c">BOOK</subfield>
  </datafield>
  <datafield tag="999" ind1=" " ind2=" ">
    <subfield code="c">821675</subfield>
    <subfield code="d">821675</subfield>
  </datafield>
  <datafield tag="952" ind1=" " ind2=" ">
    <subfield code="0">0</subfield>
    <subfield code="1">0</subfield>
    <subfield code="4">0</subfield>
    <subfield code="7">0</subfield>
    <subfield code="8">GEN</subfield>
    <subfield code="a">BC</subfield>
    <subfield code="b">BC</subfield>
    <subfield code="d">2020-02-07</subfield>
    <subfield code="e">Material adquirido por donaci&#xF3;n</subfield>
    <subfield code="g">44000.00</subfield>
    <subfield code="i">C1326421</subfield>
    <subfield code="l">2</subfield>
    <subfield code="o">344.3 E61</subfield>
    <subfield code="p">01069565</subfield>
    <subfield code="r">2024-02-14 00:00:00</subfield>
    <subfield code="s">2024-02-02</subfield>
    <subfield code="t">1</subfield>
    <subfield code="w">2023-05-04</subfield>
    <subfield code="y">BOOK</subfield>
  </datafield>
</record>
